00698nac a22001931u 4500020001500000082001800015090001500033100003400048245005200082260004600134300003900180500002600219504004900245511002600294650002900320942002100349999001500370952011900385 a0070965579 a660.2815bPAT c9795d9795 a Patranabis, D.  aPrinciples of process control /cD. Patranabis. aNew Delhi :b Tata McGraw-Hill,1981c1981 axiv, 272 p. :bbb ill. ;c 24 cm. adistributer: Al-Ahram aBibliography : p. [263]-267. Includes index. acatalogued by: wessam aChemical process control cBBk660.2815 PAT c9795d9795 00104070aMAINbMAINc1STd2008-06-05ePurchasel1o660.2815 PATp000012020r2025-07-15 00:00:00s2013-01-14yBB